Fourier series and boundary value problems
Đã lưu trong:
| Tác giả chính: | |
|---|---|
| Định dạng: | Sách |
| Ngôn ngữ: | Tiếng Anh |
| Được phát hành: |
Nueva York
McGraw-Hill
1941
|
| Những chủ đề: | |
| Các nhãn: |
Thêm thẻ
Không có thẻ, Là người đầu tiên thẻ bản ghi này!
|
MARC
| LEADER | 00000nam a2200000 a 4500 | ||
|---|---|---|---|
| 001 | UCG0965 | ||
| 003 | CL-VaPUC | ||
| 008 | 100415e19410000US |||||||||||||||||eng|d | ||
| 082 | 0 | 4 | |a 515.243 |b CHU |2 21 |
| 100 | 0 | |a Churchill, Ruel Vance |e author |9 548676 | |
| 245 | 1 | 0 | |a Fourier series and boundary value problems |
| 300 | |a 206 p | ||
| 942 | |c BK | ||
| 945 | |d 20100415 00:00:00 |a cmena | ||
| 260 | |a Nueva York |b McGraw-Hill |c 1941 | ||
| 650 | 0 | |a Series de Fourier |9 260465 | |
| 650 | 0 | |a Problemas de valores de contorno |9 304988 | |
| 650 | 0 | |a Funciones ortogonales |9 304986 | |
| 583 | |a last modification |c 20131230 06:50:44 |k Rodrigo Vera | ||
| 999 | |c 340446 |d 340444 | ||
| 952 | |0 0 |1 0 |4 0 |6 515_243000000000000_CHU_1941 |7 0 |8 A |9 435216 |a BIBCUR |b BIBCUR |d 2019-11-22 |i 4535847 |l 1 |o 515.243 CHU 1941 |p 4535847 |r 2025-04-22 |s 2024-09-30 |w 2019-11-22 |y BK |k FIS | ||